| 000 | 00781nam a2200265Ia 4500 | ||
|---|---|---|---|
| 003 | OSt | ||
| 005 | 20221005040906.0 | ||
| 006 | a|||||r|||| 00| 0 | ||
| 007 | ta | ||
| 008 | 221004b |||||||| |||| 00| 0 eng d | ||
| 024 | _a44223 | ||
| 037 | _cTextual | ||
| 040 |
_aCRL _cCRL _beng |
||
| 041 |
_2eng _aeng |
||
| 082 | _aO152,1I83, 111M4 | ||
| 100 | _aHawley John Stratton | ||
| 245 | 0 |
_aSurdas _b Poet, Singer, Saint |
|
| 260 |
_aDelhi _bOxford India _c1984 |
||
| 300 |
_a235p. _ccm. |
||
| 490 | _aHenry M jackson School of International studies, publications on Asia; 40 | ||
| 650 |
_a HINDI LITERATURE _923866 |
||
| 650 |
_aHINDI LITERATURE _923866 |
||
| 942 |
_hO152,1I83, 111M4 _cTEXL _2cc |
||
| 999 |
_c947640 _d947640 |
||